000 00606cam a2200181u 4500
001 000018113
005 20200929165347.0
008 831201n ve c 000 0 spa
010 _a72567856
040 _aDO-SdBNP
_cCarP
_dDLC
050 0 0 _aPQ8549.B3
_bZ74
110 1 _aNatalicio de Andres Bello; [from old catalog]
_939255
245 0 0 _acelebracion en Caracas el 29 de noviembre de 1969.
260 _aCaracas, :
_bPresidencia de la Republica 1970.
300 _a46 p. :
_bports. ;
_c24 cm.
600 1 0 _aBello, Andres,
_d1781-1865
_xAnniversaries, etc.
_939256
910 _aCatalogación por copia / LC
999 _c17634
_d17634